000 01148nam0a22002891 4500
001 rc\3913433
005 20130415105756.9
021 _aRU
_b[54-35981]
035 _a(NLR Aleph) 008020833
090 _a8759698
_c8759698
100 _a20130415d1954 |||y0rusy50 ca
101 0 _arus
102 _aRU
105 _aa z |||||
200 1 _aЛабораторные работы по сопротивлению материалов
_e[Учеб. пособие для втузов]
_fПри участии И.П. Александрина [и др.]
_gПод общ. ред. В.К. Качурина
205 _a5-е изд., перераб.
210 _aМосква
_cГостехиздат
_d1954
215 _a287 с.
_cил.
_d23
606 _aСопротивление материалов
_xЛабораторные работы
_2psbo
700 1 _aБеляев
_bН. М.
_f1890-1944
_gНиколай Михайлович
702 1 _aАлександрин
_bИ. П.
_4570
702 1 _aКачурин
_bВ. К.
_4340
801 0 _aRU
_bNLR
_gpsbo
801 1 _aRU
_bELAR
_2rusmarc
852 _aNLR
_jМх02 Г-5/176
942 _cBOOK
980 _aNB